The mixture water spinach and fresh cassava leaves at different levels on growing of crossbred pigs with basal diet of broken rice or rice bran with cassava root meal (ការផ្សំត្រកួននិងស្លឺកដំឡូងមីស្រស់កំរិតផ្សេងគ្នាលើការលូតលាស់របស់ជ្រូកកូនកាត់ដោយមានចុងអង្ករឬកន្ទក់លាយជាមួយម្សៅដំឡូងមីជាចំណីមូដ្ឋាន) (Record no. 2109)
[ view plain ]
| 000 -LEADER | |
|---|---|
| fixed length control field | 00921nam a22001577a 4500 |
| 003 - CONTROL NUMBER IDENTIFIER | |
| control field | OSt |
| 005 - DATE AND TIME OF LATEST TRANSACTION | |
| control field | 20151007094357.0 |
| 008 - FIXED-LENGTH DATA ELEMENTS--GENERAL INFORMATION | |
| fixed length control field | 151007b xxu||||| |||| 00| 0 eng d |
| 040 ## - CATALOGING SOURCE | |
| Transcribing agency | RUA |
| 082 ## - DEWEY DECIMAL CLASSIFICATION NUMBER | |
| Classification number | AVM HON 2007 B078 Or.1 |
| 100 ## - MAIN ENTRY--PERSONAL NAME | |
| 9 (RLIN) | 2236 |
| Personal name | HONG, CHAMROEUN. |
| 245 ## - TITLE STATEMENT | |
| Title | The mixture water spinach and fresh cassava leaves at different levels on growing of crossbred pigs with basal diet of broken rice or rice bran with cassava root meal (ការផ្សំត្រកួននិងស្លឺកដំឡូងមីស្រស់កំរិតផ្សេងគ្នាលើការលូតលាស់របស់ជ្រូកកូនកាត់ដោយមានចុងអង្ករឬកន្ទក់លាយជាមួយម្សៅដំឡូងមីជាចំណីមូដ្ឋាន) |
| 260 ## - PUBLICATION, DISTRIBUTION, ETC. (IMPRINT) | |
| Place of publication, distribution, etc. | Phnom Penh |
| Name of publisher, distributor, etc. | RUA |
| Date of publication, distribution, etc. | 2007 |
| 300 ## - PHYSICAL DESCRIPTION | |
| Extent | x, 49p. |
| Other physical details | ill. |
| Dimensions | 29cm. |
| 942 ## - ADDED ENTRY ELEMENTS (KOHA) | |
| Source of classification or shelving scheme | |
| Koha item type | AVM |
| Price effective from | Date last seen | Permanent Location | Not for loan | Date acquired | Source of classification or shelving scheme | Koha item type | Lost status | Withdrawn status | Date last checked out | Total Checkouts | Shelving location | Damaged status | Barcode | Current Location | Full call number |
|---|---|---|---|---|---|---|---|---|---|---|---|---|---|---|---|
| 2015-10-07 | 2015-10-07 | Library Block B | 2015-10-07 | AVM | B078 | RUA025304 | Library Block B | AVM HON 2007 B078 Or.1 | |||||||
| 2015-10-07 | 2019-11-27 | Library Block B | 2015-10-07 | AVM | 2019-11-25 | 1 | B078 | RUA025302 | Library Block B | AVM HON 2007 B078 Or.2 | |||||
| 2015-10-07 | 2015-10-07 | Library Block B | 2015-10-07 | AVM | B078 | RUA025374 | Library Block B | AVM HON 2007 B078 Or.3 | |||||||
| 2015-10-07 | 2018-11-16 | Library Block B | 2015-10-07 | AVM | 2018-10-30 | 1 | B078 | RUA009314 | Library Block B | AVM HON 2007 B078 Or.4 | |||||
| 2015-10-07 | 2020-11-11 | Library Block B | 2015-10-07 | AVM | 2020-10-09 | 5 | B078 | RUA015240 | Library Block B | AVM HON 2007 B078 Or.5 | |||||
| 2015-10-07 | 2015-10-07 | Library Block B | 2015-10-07 | AVM | B078 | RUA015168 | Library Block B | AVM HON 2007 B078 Or.6 | |||||||
| 2015-10-07 | 2015-10-07 | Library Block B | 2015-10-07 | AVM | B078 | RUA015229 | Library Block B | AVM HON 2007 B078 Or.7 |